Insect sampling in forest ecosystems
Αποθηκεύτηκε σε:
| Άλλοι συγγραφείς: | |
|---|---|
| Μορφή: | Βιβλίο |
| Γλώσσα: | English |
| Δημοσίευση: |
Malden :
Blackwell,
2005
|
| Σειρά: | Methods in ecology
|
| Θέματα: | |
| Ετικέτες: |
Προσθήκη ετικέτας
Δεν υπάρχουν, Καταχωρήστε ετικέτα πρώτοι!
|
MARC
| LEADER | 00000nam a2200000 i 4500 | ||
|---|---|---|---|
| 001 | 1/86304 | ||
| 008 | 080523s2005 eng d | ||
| 020 | |a 0-632-05388-7 | ||
| 035 | |l 10097624 | ||
| 040 | |a GR-MY-UA |b gre |e aacr | ||
| 041 | 0 | |a eng | |
| 082 | 0 | |a 634.967072 |2 (22) | |
| 245 | 1 | 0 | |a Insect sampling in forest ecosystems / |c edited by S. R. Leather |
| 260 | |a Malden : |b Blackwell, |c 2005 | ||
| 300 | |a xii, 303 ; |b πίν., εικ., διαγρ.; |c 24 εκ. | ||
| 490 | 1 | |a Methods in ecology | |
| 504 | |a Ευρετήριο: σ. 279-303 | ||
| 650 | 0 | 0 | |a Forest incects |x Research |x Methodology. |
| 650 | 0 | 0 | |a Forest surveys. |
| 650 | 0 | 0 | |a Ecological surveys. |
| 650 | 0 | 0 | |a Sampling (Statistics) |
| 700 | 1 | |a Leather, S. R. (Simon R.) |4 edt | |
| 830 | 0 | |a Methods in ecology | |
| 852 | |a INST |b LESVOS |e 20080523 |h 634.967072 INS |p 005100042553 |q 005100042553 |t BK |y 0 | ||
| 901 | |a BIBL1-2008-2 | ||
| 909 | |a Λ |b 144920 | ||
| 922 | |a 1ΕΛΗ |b 200801 |c ΕΠΕΑΕΚ2/ΤΠ |d ΠΑΠΑΣΩΤΗΡΙΟΥ | ||
| 970 | |a ΧΑΤΖΗΜΙΧΑΗΛ |b ΜΑΡΙΑ |z 2008/05/23 | ||